[Event "GER-chT U14 Girls"]
[Site "Greifswald"]
[Date "2001.12.30"]
[Round "7.1"]
[White "Kueter, Julia"]
[Black "Dietzen, Corinna"]
[Result "0-1"]
[WhiteElo "966"]
[BlackElo "1247"]
[PlyCount "110"]
[EventDate "2001.12.27"]
[EventType "team-swiss"]
[EventRounds "7"]
[EventCountry "GER"]
[SourceTitle "EXT 2003"]
[Source "ChessBase"]
[SourceDate "2002.11.25"]
[SourceVersion "1"]
[SourceVersionDate "2002.11.25"]
[SourceQuality "1"]
[WhiteTeam "Hemer U14 Girls"]
[BlackTeam "Wadgassen/Differten U14 Girls"]
[WhiteTeamCountry "GER"]
[BlackTeamCountry "GER"]

1. e4 e5 2. Nf3 Nf6 3. Nxe5 d6 4. Nxf7 Kxf7 5. d4 Be7 6. Nc3 c6 7. Bc4+ d5 8. Bd3 dxe4 9. Nxe4 Bg4 10. f3 Be6 11. c3 Re8 12. Ng5+ Kg8 13. Nxe6 Bd6 14. Bf5 g6 15. Bh3 Qd7 16. Bg5 Nd5 17. Qe2 Nc7 18. 0-0 Nxe6 19. Bd2 Qf7 20. Rae1 Nc7 21. Qd3 Rxe1 22. Rxe1 Qxa2 23. Qb1 Qxb1 24. Rxb1 Nba6 25. Ra1 Re8 26. b4 Re2 27. Rd1 Nd5 28. Kf1 Re8 29. Bd7 Re7 30. Bh3 Bxh2 31. Bg5 Ne3+ 32. Kf2 Nxd1+ 33. Kf1 Re8 34. Bd2 Ne3+ 35. Kf2 Nc4 36. g3 Nxd2 37. c4 Nxc4 38. Bd7 Re7 39. Bh3 Nxb4 40. Kg2 Re2+ 41. Kh1 Bxg3 42. Be6+ Rxe6 43. Kg2 Bd6 44. d5 Nxd5 45. f4 a5 46. f5 Re5 47. f6 a4 48. f7+ Kxf7 49. Kf2 a3 50. Kf1 a2 51. Kf2 a1Q 52. Kg3 Qd4 53. Kf3 Re3+ 54. Kf2 Qd2+ 55. Kf1 Re1# 0-1

[Event "GER-chT U14 Girls"]
[Site "Greifswald"]
[Date "2001.12.28"]
[Round "4.1"]
[White "Schulz, Ann Kristin"]
[Black "Kueter, Julia"]
[Result "1-0"]
[WhiteElo "1259"]
[BlackElo "966"]
[PlyCount "35"]
[EventDate "2001.12.27"]
[EventType "team-swiss"]
[EventRounds "7"]
[EventCountry "GER"]
[SourceTitle "EXT 2003"]
[Source "ChessBase"]
[SourceDate "2002.11.25"]
[SourceVersion "1"]
[SourceVersionDate "2002.11.25"]
[SourceQuality "1"]
[WhiteTeam "Mutterstadt U14 Girls"]
[BlackTeam "Hemer U14 Girls"]
[WhiteTeamCountry "GER"]
[BlackTeamCountry "GER"]

1. e4 d5 2. exd5 Nf6 3. Bb5+ Nbd7 4. Nc3 a6 5. Ba4 b5 6. Bb3 e5 7. dxe6 fxe6 8. Bxe6 Bc5 9. d4 Bb4 10. Qe2 Qe7 11. Bg5 h6 12. Bxf6 Nxf6 13. Bxc8 Qxe2+ 14. Ngxe2 Rxc8 15. 0-0 0-0 16. Rae1 Nd5 17. Nxd5 Rcd8 18. Nxb4 1-0